[Event "Girona-ch"]
[Site "Banyoles"]
[Date "2018.11.25"]
[Round "8"]
[White "Parals Marce, Luis"]
[Black "Garcia Caro, Juan Alber"]
[Result "1/2-1/2"]
[WhiteElo "2039"]
[BlackElo "1750"]
[PlyCount "69"]
[EventDate "2018.09.30"]
[EventType "swiss"]
[EventRounds "9"]
[EventCountry "ESP"]
[SourceTitle "CBM 187 Extra"]
[Source "ChessBase"]
[SourceDate "2018.11.04"]
[SourceVersion "1"]
[SourceVersionDate "2018.11.04"]
[SourceQuality "1"]

1. Nf3 Nf6 2. c4 e6 3. g3 d5 4. Bg2 Be7 5. 0-0 0-0 6. b3 dxc4 7. bxc4 c5 8. Nc3 Nc6 9. Rb1 Qd7 10. d3 Rd8 11. Bf4 Bd6 12. Bg5 Be7 13. h3 h6 14. Be3 Rb8 15. Qc1 b6 16. Rd1 Bb7 17. Nb5 a6 18. Nc3 Qc7 19. Bf4 Bd6 20. Bxd6 Rxd6 21. Qf4 Nd4 22. e4 Nxf3+ 23. Bxf3 Nd7 24. Qe3 Ne5 25. Be2 Rbd8 26. f4 Nc6 27. e5 R6d7 28. Bf3 Nb4 29. Be2 Nc2 30. Qf2 Qc6 31. Ne4 Kh8 32. Kh2 Nd4 33. g4 g6 34. f5 exf5 35. gxf5 1/2-1/2